| 000 | 01355nam a2200361Ia 4500 | ||
|---|---|---|---|
| 001 | ebr10054821 | ||
| 003 | CaPaEBR | ||
| 006 | m u | ||
| 007 | cr cn||||||||| | ||
| 008 | 980812s1999 enkb sb 001 0 eng d | ||
| 010 | _z 98038974 | ||
| 020 | _z0203010442 | ||
| 020 | _z0415106907 | ||
| 040 |
_aCaPaEBR _cCaPaEBR |
||
| 035 | _a(OCoLC)560072316 | ||
| 041 | 1 |
_aeng _hfre |
|
| 050 | 1 | 4 |
_aHF4037.85 _b.B8713 1999eb |
| 082 | 0 | 4 |
_a382/.09182/1 _221 |
| 100 | 1 | _aButel, Paul. | |
| 240 | 1 | 0 |
_aHistoire de l'Atlantique. _lEnglish |
| 245 | 1 | 4 |
_aThe Atlantic _h[electronic resource] / _cPaul Butel ; translated by Iain Hamilton Grant. |
| 260 |
_aLondon ; _aNew York : _bRoutledge, _c1999. |
||
| 300 |
_axiii, 330 p. : _b1 map. |
||
| 490 | 1 | _aSeas in history | |
| 504 | _aIncludes bibliographical references (p. 316-318) and index. | ||
| 533 |
_aElectronic reproduction. _bPalo Alto, Calif. : _cebrary, _d2009. _nAvailable via World Wide Web. _nAccess may be limited to ebrary affiliated libraries. |
||
| 650 | 0 |
_aInternational trade _xHistory. |
|
| 651 | 0 |
_aAtlantic Ocean Region _xCommerce _xHistory. |
|
| 655 | 7 |
_aElectronic books. _2local |
|
| 710 | 2 | _aebrary, Inc. | |
| 830 | 0 | _aSeas in history. | |
| 856 | 4 | 0 |
_uhttp://site.ebrary.com/lib/rucke/Doc?id=10054821 _zAn electronic book accessible through the World Wide Web; click to view |
| 999 |
_c177822 _d177822 |
||